000 00516nam a22001817a 4500
005 20251108164126.0
008 250721s1999 xx 000 0 ara d
082 1 4 _a927.41/رزق
100 1 _aرزق الله، عدلي
245 1 0 _aالوصول إلى البداية في الفن و في الحياة :
_bسيرة ذاتية /
264 1 _aالقاهرة :
_c1999.
300 _a330ص
650 1 7 _aالتراجم
650 1 7 _aالرسامون
650 1 7 _aمصر
942 _2ddc
_cBK
999 _c4261
_d4261